01803nam a2200421Ia 4500001001200000003000800012006001900020007001500039008004100054010001700095020003900112020003800151020001800189040002100207035002100228050002600249082001800275100003200293245015700325260005300482300001400535490002700549504006400576533015200640600001900792600003800811650007800849650003400927650005900961650003101020650005401051650003301105651004301138655002901181710001701210830002801227856012601255ebr10687045CaPaEBRm u cr cn|||||||||130207s2013 inu sb 001 0 eng d z 2013002202 z9780253006271 (cloth : alk. paper) z9780253006301 (pbk. : alk. paper) z9780253008107 aCaPaEBRcCaPaEBR a(OCoLC)84026712114aF1923.T69bW35 2013eb04a972.94/032231 aWalsh, John Patrick,d1971-10aFree and French in the Caribbeanh[electronic resource] :bToussaint Louverture, Aime Cesaire, and narratives of loyal opposition /cJohn Patrick Walsh. aBloomington :bIndiana University Press,cc2013. ax, 193 p.1 aBlacks in the diaspora aIncludes bibliographical references (p. 179-188) and index. aElectronic reproduction.bPalo Alto, Calif. :cebrary,d2013.nAvailable via World Wide Web.nAccess may be limited to ebrary affiliated libraries.10aCesaire, Aime.10aToussaint Louverture,d1743-1803. 0aCaribbean, French-speakingxHistoryxAutonomy and independence movements. 0aDecolonization in literature. 0aMartinican literature (French)xHistory and criticism. 0aNationalism in literature. 0aNationalismzCaribbean, French speakingxHistory. 0aNationalismzHaitixHistory. 0aHaitixHistoryyRevolution, 1791-1804. 7aElectronic books.2local2 aebrary, Inc. 0aBlacks in the diaspora.40uhttp://site.ebrary.com/lib/rucke/Doc?id=10687045zAn electronic book accessible through the World Wide Web; click to view